000 00864nam a22002057a 4500
999 _c4788
_d4788
003 AR-CdUCM
008 190311b ||||| |||| 00| 0 spa d
040 _aMUNICIPALIDAD PROVINCIAL DEL CUSCO
_cBIBLIOTECA MUNICIPAL DEL CUSCO
082 _a372.262 /
_bG25
100 _aGarcía Villegas, Pilar
_914788
245 _aTranstornos en el comportamiento de los hijos :
_bHerencia y medio ambiente /
260 _aMadrid :
_bEdiciones Rialp,
_c1966.
300 _a353 paginas ;
_c21 cm.
505 _aContenido :Condicionamiento psicológico de la evolución normal del niño -- Herencia y medio ambiente en los trastornos del comportamiento -- Descripción de casos -- El narcismo -- La introversión ...
650 _aPsicología
_91538
650 _aComportamientos psicológicos
_914789
650 _aLa adultez
_914790
942 _2ddc
_cLIBROS
945 _arum